| 000 | 00508nam a22001817a 4500 | ||
|---|---|---|---|
| 005 | 20251108164107.0 | ||
| 008 | 250721s1996 xx 000 0 ara d | ||
| 082 | 1 | 4 | _a709/غرا |
| 100 | 1 | _aغراب، يوسف خليفة | |
| 245 | 1 | 0 | _aتاريخ التربية الفنية و نظرياتها / |
| 264 | 1 |
_aالجيزة : _bدار زهراء الشرق، _c1996. |
|
| 300 | _a336 ص. | ||
| 490 | 0 | _a236ص | |
| 650 | 1 | 7 | _aالفنون |
| 650 | 1 | 7 | _aالتاريخ |
| 942 |
_2ddc _cBK |
||
| 999 |
_c3440 _d3440 |
||